Statistiques concernant Départements Limitrophes de L'Indre-et-Loire

Cliquez ici pour prendre le quiz!

Statistiques générales

  • Ce quiz a été pris 32 fois
  • Le résultat moyen est 5 sur 5

Statistiques - réponses

Départements% Correct
Loir-et-Cher
100%
Indre
96%
Maine-et-Loire
96%
Sarthe
96%
Vienne
89%

Distribution des résultats

Percentile par nombre de réponses

% des personnes avec chaque résultat

Votre développement - résultats

Vous n’avez pas pris ce quiz